000
00290nam a22001337a 4500
008
181102b xxu||||| |||| 00| 0 eng d
020
_a
9780060530754
041
_a
eng
080
_a
710
100
_a
45
101
_a
ART
245
_a
Art A new History
_c
Johnson.P
942
_2
udc
_c
BK
999
_c
51756
_d
51756